WWII Tanks - Soviet Union - Statistics

General Stats
  • This quiz has been taken 1,392 times
  • The average score is 10 of 18
Answer Stats
Type Country of Origin Produced during WWII Name % Correct
Medium Tank Soviet Union 35.000 T-34
97%
Heavy Tank Soviet Union 3.000 KV-1
84%
Heavy Tank / Assault Gun Soviet Union 330 KV-2
83%
Heavy Tank Soviet Union 3.900 IS-2
77%
Light Cavalry Tank Soviet Union 800 BT-7
62%
Medium Tank Soviet Union 23.200 T-34-85
61%
Light Infantry Tank Soviet Union 1.700 T-26
60%
Medium Tank Soviet Union 150 T-28
54%
Tank Destroyer Soviet Union 1.600 SU-100
53%
Tank Destroyer Soviet Union 2.600 SU-85
53%
Assault Gun / SP Gun Soviet Union 1.900 ISU-152
52%
Assault Gun / SP Gun Soviet Union 640 SU-122
47%
Light Tank Soviet Union 8.200 T-70
46%
Light Tank Soviet Union 5.800 T-60
45%
Tank Destroyer / SP Gun Soviet Union 12.000 SU-76
42%
Tank Destroyer / SP Gun Soviet Union 1.900 ISU-122
36%
Amphibious Light Tank Soviet Union 800 T-40
34%
Heavy Tank Soviet Union 1.200 KV-1S
29%
No matching quizzes found
Score Distribution
Percent of People with Each Score
Percentile by Number Answered
Your Score History
You have not taken this quiz